| 000 | 00641ntm a22002417a 4500 | ||
|---|---|---|---|
| 005 | 20250911151355.0 | ||
| 008 | 170323b1998 xxu||||| |||| 00| 0 spa d | ||
| 020 | _a9977675112 | ||
| 041 | _aESP | ||
| 082 | _a616.994.63 G984c | ||
| 100 |
_aGutiérrez Góngora, Jaime _917727 |
||
| 245 | _aEl cáncer de la próstata: un texto con una revisión de la literatura | ||
| 260 | _aCosta Rica | ||
| 260 | _bEUCR | ||
| 260 | _c1998 | ||
| 300 | _a312 páginas | ||
| 490 | _aTemática General | ||
| 650 | _aCÁNCER DE PRÓSTATA | ||
| 650 | _aDIAGNÓSTICO Y TRATAMIENTO | ||
| 650 | _aPATOLOGÍA | ||
| 650 | _aCIRUGÍA | ||
| 942 |
_cBK _2ddc |
||
| 999 |
_c9121 _d9121 |
||